000 00786nam a2200277Ia 4500
003 OSt
005 20220912151107.0
006 a|||||r|||| 00| 0
007 ta
008 220909b |||||||| |||| 00| 0 eng d
024 _a36388
037 _cTextual
040 _aCSL
_beng
_cCSL
041 _aeng
082 _aCN1:(B811), L9
100 _aGudder Stanley P
245 0 _aStochastic methods in quantum mechanics
260 _aNew Dork
_bNorth-Holland
_c1979
300 _ax, 219p.
_ccm. illus.
490 _aNorth-Holland series in probability and applied mathematics
500 _aBibliography 201-214p
650 _a Phsyics
650 _aQuantum mechanics
942 _hCN1:(B811), L9
_cTEXL
_2CC
999 _c60999
_d60999